000 00878nam a2200253Ia 4500
003 OSt
005 20220923222222.0
006 a|||||r|||| 00| 0
007 ta
008 ORI
024 _a203,799
037 _cTextual
040 _aARTS
_cARTS
_bORI
041 _2ORI
_aORI
082 _aO1591,2N21,AP, 152L6
100 _aमनोरंजन दास; पुरोहित, शंकरलाल, अनु.
_9166367
245 0 _aअरण्य फसल
246 _aAraṇya fasala
260 _aनई दिल्ली
_b राधाकृष्ण प्रका0
_c1976
300 _a104पृ0
_ccm.
650 _aउड़िया साहित्य
_9156264
942 _hO1591,2N21,AP, 152L6
_cTEXL
_2CC
999 _c354549
_d354549